[Event "Cuba ch 2010"]
[Site "Ciego de Ávila CUB"]
[Date "2010.01.16"]
[Round "5.1"]
[White "Bruzon Batista, Lazaro"]
[Black "Nogueiras Santiago, Jesus"]
[Result "1-0"]
[WhiteElo "2615"]
[BlackElo "2570"]
[PlyCount "55"]
[EventDate "2010.01.12"]
[EventType "swiss"]
[EventRounds "9"]
[EventCountry "CUB"]
[Source "lmi"]
[SourceDate "2010.01.12"]

1. e4 e6 2. d4 d5 3. Nd2 dxe4 4. Nxe4 Nd7 5. Nf3 Ngf6 6. Nxf6+ Nxf6 7. Be3 a6
8. Bd3 b6 9. Qe2 Bb7 10. O-O-O Bd6 11. Ne5 Nd5 12. Qg4 g6 13. Bg5 Be7 14. Bh6
f5 15. Qh3 Bg5+ 16. Kb1 Bxh6 17. Qxh6 Qf6 18. Be2 O-O-O 19. Bf3 c5 20. c4 Ne7
21. Qe3 Bxf3 22. Qxf3 Kc7 23. Rhe1 Rxd4 24. Rxd4 cxd4 25. Qa3 f4 26. c5 Kb7 27.
cxb6 Rc8 28. Qd6 1-0

[Event "Cuba ch 2010"]
[Site "Ciego de Ávila CUB"]
[Date "2010.01.16"]
[Round "5.2"]
[White "Arencibia Rodriguez, Walter"]
[Black "Quezada Perez, Yuniesky"]
[Result "0-1"]
[WhiteElo "2499"]
[BlackElo "2565"]
[PlyCount "58"]
[EventDate "2010.01.12"]
[EventType "swiss"]
[EventRounds "9"]
[EventCountry "CUB"]
[Source "lmi"]
[SourceDate "2010.01.12"]

1. d4 Nf6 2. c4 e6 3. Nf3 b6 4. g3 Bb7 5. Bg2 Be7 6. O-O O-O 7. Re1 d5 8. cxd5
exd5 9. Nc3 Nbd7 10. Bf4 c5 11. Rc1 Ne4 12. dxc5 Nxc3 13. bxc3 Nxc5 14. Ne5 Re8
15. Qc2 Bf8 16. Rcd1 g5 17. Nxf7 Kxf7 18. Qxh7+ Bg7 19. Qh5+ Kg8 20. Bxg5 Re5
21. f4 Qe8 22. Qg4 Qe6 23. Qh5 Rf5 24. e4 Nxe4 25. Bh3 Raf8 26. Bxf5 Qxf5 27.
g4 Qc8 28. Rxe4 dxe4 29. Be7 Qxc3 0-1

[Event "Cuba ch 2010"]
[Site "Ciego de Ávila CUB"]
[Date "2010.01.16"]
[Round "5.4"]
[White "Corrales Jimenez, Fidel"]
[Black "Quesada Perez, Yasser"]
[Result "1/2-1/2"]
[WhiteElo "2602"]
[BlackElo "2401"]
[PlyCount "144"]
[EventDate "2010.01.12"]
[EventType "swiss"]
[EventRounds "9"]
[EventCountry "CUB"]
[Source "lmi"]
[SourceDate "2010.01.12"]

1. e4 c5 2. Nf3 d6 3. d4 cxd4 4. Nxd4 Nf6 5. Nc3 a6 6. Bg5 e6 7. f4 Nc6 8. e5
h6 9. Bh4 dxe5 10. Nxc6 Qxd1+ 11. Rxd1 bxc6 12. fxe5 Nd7 13. Ne4 Bb7 14. Bg3 c5
15. Nd6+ Bxd6 16. Rxd6 Ke7 17. Kf2 Be4 18. c4 Rhb8 19. Ke3 Bb1 20. Be2 Rxb2 21.
Rhd1 Ra7 22. a4 Rb3+ 23. Kf2 Be4 24. h4 Rb6 25. R6d2 Nb8 26. Kg1 Rd7 27. Bf2
Rc6 28. Rb2 Rxd1+ 29. Bxd1 Nd7 30. Rb7 Kd8 31. a5 Rc7 32. Rxc7 Kxc7 33. Bg3 Bd3
34. Bb3 Nb8 35. Bf2 Nc6 36. Bxc5 Nxa5 37. Ba4 Nxc4 38. Bf8 g6 39. Bxh6 Nxe5 40.
Bf4 Kd6 41. Bb3 f6 42. Kf2 Ke7 43. Ke3 Bb5 44. Kd4 Nd7 45. Bc7 Bc6 46. g3 e5+
47. Ke3 Nc5 48. Bc2 Kf7 49. Bd6 Nb7 50. Bb3+ Kg7 51. Be7 f5 52. Be6 a5 53. g4
fxg4 54. Bxg4 Kf7 55. Ba3 a4 56. h5 gxh5 57. Bxh5+ Kf6 58. Be2 Nd8 59. Bc4 Bd7
60. Bd5 Be6 61. Be4 Bb3 62. Bb4 Ne6 63. Bd3 Nc7 64. Be4 Ke6 65. Bc6 Na6 66. Ba3
Nb8 67. Bb5 Kd5 68. Bb2 e4 69. Ba3 Bc2 70. Be7 Nc6 71. Bxc6+ Kxc6 72. Kd4 Kb5
1/2-1/2

[Event "Cuba ch 2010"]
[Site "Ciego de Ávila CUB"]
[Date "2010.01.16"]
[Round "5.6"]
[White "Martinez Duany, Lelys Stanley"]
[Black "Gonzalez Vidal, Yuri"]
[Result "1/2-1/2"]
[WhiteElo "2506"]
[BlackElo "2523"]
[PlyCount "46"]
[EventDate "2010.01.12"]
[EventType "swiss"]
[EventRounds "9"]
[EventCountry "CUB"]
[Source "lmi"]
[SourceDate "2010.01.12"]

1. e4 c6 2. d4 d5 3. e5 Bf5 4. Nf3 e6 5. Be2 Nd7 6. O-O h6 7. b3 Ne7 8. Ba3 Bh7
9. c4 Ng6 10. Bxf8 Ndxf8 11. Qd2 Nd7 12. cxd5 cxd5 13. Nc3 O-O 14. Rac1 a6 15.
Na4 Qb8 16. Bd3 Ne7 17. Bxh7+ Kxh7 18. Rc2 Nc6 19. Rfc1 Kg8 20. Nc5 Nxc5 21.
Rxc5 Qa7 22. b4 Rac8 23. a3 Ne7 1/2-1/2

[Event "Cuba ch 2010"]
[Site "Ciego de Ávila CUB"]
[Date "2010.01.16"]
[Round "5.8"]
[White "Vera Gonzalez-Quevedo, Reynaldo"]
[Black "Hernandez Carmenates, Holden"]
[Result "1-0"]
[WhiteElo "2499"]
[BlackElo "2567"]
[PlyCount "129"]
[EventDate "2010.01.12"]
[EventType "swiss"]
[EventRounds "9"]
[EventCountry "CUB"]
[Source "lmi"]
[SourceDate "2010.01.12"]

1. d4 Nf6 2. c4 g6 3. Nc3 Bg7 4. e4 O-O 5. Nf3 c6 6. Bd3 d6 7. h3 e5 8. d5 Nh5
9. Bg5 Qe8 10. O-O Na6 11. Bc2 h6 12. Be3 c5 13. Ba4 Qe7 14. Re1 f5 15. exf5
Bxf5 16. g4 e4 17. Nh2 Qh4 18. gxf5 gxf5 19. Kh1 Nb4 20. Rg1 Nd3 21. Bc2 Ne5
22. Bxh6 Kf7 23. Rg5 Bxh6 24. Rxh5 Qf6 25. Qe2 Rh8 26. Bxe4 fxe4 27. Nxe4 Qe7
28. Nxd6+ Qxd6 29. Rxe5 Bg7 30. Qf3+ Kg8 31. Re6 Qd7 32. Rg1 Rh7 33. Qe3 Kh8
34. Re7 Qf5 35. Re8+ Rxe8 36. Qxe8+ Bf8 37. Rg3 Re7 38. Qd8 Qxf2 39. Rg1 Re1
40. Rxe1 Qxe1+ 41. Kg2 Qe2+ 42. Kg3 Qe5+ 43. Kf3 Qf5+ 44. Kg2 Kh7 45. Nf3 b5
46. Qh4+ Bh6 47. Qe7+ Kg8 48. Qe8+ Kh7 49. Qe7+ Kg8 50. Qe6+ Qxe6 51. dxe6 bxc4
52. Ne5 Kf8 53. Nxc4 Ke7 54. Kf3 Kxe6 55. Ke4 Bg5 56. b3 Bf6 57. Na3 a6 58. Nc4
Bg5 59. Ne3 Kd7 60. Nf5 Kc6 61. h4 Bf6 62. h5 Kb5 63. h6 Bg5 64. h7 Bf6 65. Kd5
1-0

[Event "Cuba ch 2010"]
[Site "Ciego de Ávila CUB"]
[Date "2010.01.16"]
[Round "5.9"]
[White "Jimenez Fraga, Pedro Alejandro"]
[Black "De La Paz Perdomo, Frank"]
[Result "1-0"]
[WhiteElo "2453"]
[BlackElo "2401"]
[PlyCount "79"]
[EventDate "2010.01.12"]
[EventType "swiss"]
[EventRounds "9"]
[EventCountry "CUB"]
[Source "lmi"]
[SourceDate "2010.01.12"]

1. e4 e5 2. Nf3 Nc6 3. d4 exd4 4. Nxd4 Bc5 5. Be3 Qf6 6. c3 Nge7 7. Bc4 Ne5 8.
Be2 Qg6 9. O-O d6 10. f3 O-O 11. Kh1 Bb6 12. a4 N5c6 13. Bc4 Kh8 14. Nd2 f5 15.
Qe1 f4 16. Bf2 Qh5 17. Nb5 Rf6 18. Bxb6 cxb6 19. Rf2 Ne5 20. Be2 g5 21. Rd1 a6
22. Nc7 Rb8 23. Nc4 Nxc4 24. Bxc4 g4 25. fxg4 Bxg4 26. Be2 Rg8 27. Rd3 Rh6 28.
Rh3 Bxe2 29. Rxh5 Bxh5 30. Qd2 Nc6 31. Qxf4 Rhg6 32. Qh4 Bd1 33. Rf7 h5 34. Rf6
Ne5 35. Ne6 Nf7 36. Nf4 R6g7 37. Nxh5 Bxh5 38. Qxh5+ Rh7 39. Qd5 Rg5 40. Qxb7
1-0

[Event "Cuba ch 2010"]
[Site "Ciego de Ávila CUB"]
[Date "2010.01.17"]
[Round "6.2"]
[White "Quezada Perez, Yuniesky"]
[Black "Corrales Jimenez, Fidel"]
[Result "1-0"]
[WhiteElo "2565"]
[BlackElo "2602"]
[PlyCount "87"]
[EventDate "2010.01.12"]
[EventType "swiss"]
[EventRounds "9"]
[EventCountry "CUB"]
[Source "lmi"]
[SourceDate "2010.01.12"]

1. e4 c5 2. Nf3 d6 3. d4 cxd4 4. Nxd4 Nf6 5. Nc3 a6 6. Be3 e6 7. f3 b5 8. Qd2
Nbd7 9. g4 Nb6 10. a4 Nc4 11. Bxc4 bxc4 12. a5 Bb7 13. Na4 d5 14. e5 Nd7 15. f4
Qh4+ 16. Bf2 Qxg4 17. Rg1 Qh5 18. b4 g6 19. Ra3 Qxh2 20. Rag3 Be7 21. Qe3 Qh6
22. c3 Rc8 23. Rh3 Qf8 24. Ke2 Bc6 25. Nxc6 Rxc6 26. Qa7 Rc8 27. Qxa6 Rd8 28.
Nb6 f6 29. Nxd7 Rxd7 30. Qxe6 fxe5 31. Qxe5 Qf6 32. Rxg6 Qxg6 33. Qxh8+ Bf8 34.
Re3+ Kf7 35. Qe5 Qc2+ 36. Kf1 Qd1+ 37. Kg2 Re7 38. Qf5+ Ke8 39. Rxe7+ Bxe7 40.
a6 Qa4 41. Qc8+ Kf7 42. a7 Qc2 43. a8=Q Qe4+ 44. Kg1 1-0

[Event "Cuba ch 2010"]
[Site "Ciego de Ávila CUB"]
[Date "2010.01.17"]
[Round "6.3"]
[White "Gomez Garrido, Camilo"]
[Black "Vera Gonzalez-Quevedo, Reynaldo"]
[Result "0-1"]
[WhiteElo "2497"]
[BlackElo "2499"]
[PlyCount "76"]
[EventDate "2010.01.12"]
[EventType "swiss"]
[EventRounds "9"]
[EventCountry "CUB"]
[Source "lmi"]
[SourceDate "2010.01.12"]

1. e4 c5 2. Nf3 d6 3. d4 cxd4 4. Nxd4 Nf6 5. Nc3 a6 6. Be3 e5 7. Nb3 Be7 8. Qd2
O-O 9. O-O-O Be6 10. f4 b5 11. f5 Bd7 12. g4 Nxg4 13. Rg1 Nxe3 14. Qxe3 Kh8 15.
Nd5 Bc6 16. Qg3 Rg8 17. Be2 Nd7 18. Bf3 Rc8 19. Kb1 Nf6 20. Nxf6 Bxf6 21. Rd3
Qe7 22. Qh3 b4 23. Bg2 h6 24. Rgd1 Rgd8 25. R3d2 Qc7 26. Qd3 Bb5 27. Qf3 a5 28.
Bf1 Bxf1 29. Rxf1 a4 30. Nc1 a3 31. b3 d5 32. Rff2 dxe4 33. Rxd8+ Rxd8 34. Qxe4
Qc3 35. Nd3 Rd4 36. Qa8+ Kh7 37. Qe8 Qe1+ 38. Nc1 Rd1 0-1

[Event "Cuba ch 2010"]
[Site "Ciego de Ávila CUB"]
[Date "2010.01.17"]
[Round "6.5"]
[White "Nogueiras Santiago, Jesus"]
[Black "Gonzalez Vidal, Yuri"]
[Result "1-0"]
[WhiteElo "2570"]
[BlackElo "2523"]
[PlyCount "93"]
[EventDate "2010.01.12"]
[EventType "swiss"]
[EventRounds "9"]
[EventCountry "CUB"]
[Source "lmi"]
[SourceDate "2010.01.12"]

1. d4 Nf6 2. Nf3 e6 3. Bf4 b6 4. e3 Bb7 5. h3 Bd6 6. Bg5 h6 7. Bxf6 Qxf6 8.
Nbd2 c5 9. c3 Bc7 10. Bd3 Nc6 11. Qe2 cxd4 12. exd4 Ne7 13. Ne4 Bxe4 14. Qxe4
d5 15. Bb5+ Kf8 16. Qe2 g6 17. Ne5 Kg7 18. g3 Nf5 19. O-O-O h5 20. Kb1 Nd6 21.
Bd3 b5 22. Rde1 Nc4 23. f4 a5 24. Rhf1 Qe7 25. g4 hxg4 26. hxg4 Bxe5 27. dxe5
Rh3 28. f5 Qg5 29. f6+ Kf8 30. Bxc4 bxc4 31. Rh1 Rh6 32. Qg2 Ke8 33. Qf2 Rxh1
34. Rxh1 Kd7 35. Qd4 Kc6 36. a4 Rb8 37. Rh2 Rb7 38. Rh8 Kd7 39. Rf8 Kc6 40. Rd8
Kc7 41. Ra8 Kd7 42. Rxa5 Qh4 43. Rb5 Rc7 44. Rb6 Qe1+ 45. Ka2 Qe2 46. Rd6+ Kc8
47. Qb6 1-0

[Event "Cuba ch 2010"]
[Site "Ciego de Ávila CUB"]
[Date "2010.01.17"]
[Round "6.7"]
[White "Arencibia Rodriguez, Walter"]
[Black "Jimenez Fraga, Pedro Alejandro"]
[Result "1-0"]
[WhiteElo "2499"]
[BlackElo "2453"]
[PlyCount "81"]
[EventDate "2010.01.12"]
[EventType "swiss"]
[EventRounds "9"]
[EventCountry "CUB"]
[Source "lmi"]
[SourceDate "2010.01.12"]

1. Nf3 Nf6 2. g3 g6 3. b3 Bg7 4. Bb2 d6 5. d4 O-O 6. Bg2 Nc6 7. O-O Bd7 8. c4
e5 9. dxe5 Ng4 10. Nc3 dxe5 11. h3 Nh6 12. Qd2 Qc8 13. Kh2 Nf5 14. Rad1 Rd8 15.
Nd5 Be6 16. e3 Rd7 17. Ng5 Bxd5 18. cxd5 Nd8 19. h4 h6 20. Ne4 Nd6 21. Nxd6
Rxd6 22. e4 Qd7 23. Bh3 Qe8 24. Qc3 c6 25. f4 cxd5 26. exd5 Qb5 27. Bg2 f6 28.
a4 Qb6 29. fxe5 fxe5 30. Ba3 Rd7 31. Qd3 Nf7 32. Bh3 Rad8 33. Bxd7 Rxd7 34. d6
h5 35. Qd5 Qc6 36. Rxf7 Rxf7 37. Qxc6 bxc6 38. d7 Bf6 39. d8=Q+ Bxd8 40. Rxd8+
Kh7 41. Bc5 1-0

[Event "Cuba ch 2010"]
[Site "Ciego de Ávila CUB"]
[Date "2010.01.17"]
[Round "6.8"]
[White "Martinez Duany, Lelys Stanley"]
[Black "Perez Rodriguez, Luis Manuel"]
[Result "1/2-1/2"]
[WhiteElo "2506"]
[BlackElo "2487"]
[PlyCount "58"]
[EventDate "2010.01.12"]
[EventType "swiss"]
[EventRounds "9"]
[EventCountry "CUB"]
[Source "lmi"]
[SourceDate "2010.01.12"]

1. e4 e5 2. Nf3 Nc6 3. Bb5 a6 4. Ba4 Nf6 5. O-O b5 6. Bb3 Bc5 7. a4 Rb8 8. axb5
axb5 9. d3 O-O 10. Nc3 h6 11. Be3 d6 12. Nd5 Nxd5 13. Bxd5 Bxe3 14. fxe3 Ne7
15. Bb3 Ng6 16. Nd2 Be6 17. Bxe6 fxe6 18. Qg4 Qe8 19. h4 Rxf1+ 20. Nxf1 Nf8 21.
Ng3 Ra8 22. Rxa8 Qxa8 23. Nh5 g6 24. Kh2 Qd8 25. Kh3 Kh7 26. Ng3 Qf6 27. Qf3
Nd7 28. Ne2 c6 29. Nc3 Kg7 1/2-1/2

[Event "Cuba ch 2010"]
[Site "Ciego de Ávila CUB"]
[Date "2010.01.18"]
[Round "7.1"]
[White "Vera Gonzalez-Quevedo, Reynaldo"]
[Black "Quezada Perez, Yuniesky"]
[Result "1/2-1/2"]
[WhiteElo "2499"]
[BlackElo "2565"]
[PlyCount "47"]
[EventDate "2010.01.12"]
[EventType "swiss"]
[EventRounds "9"]
[EventCountry "CUB"]
[Source "lmi"]
[SourceDate "2010.01.12"]

1. d4 Nf6 2. Nf3 e6 3. g3 b6 4. Bg2 Bb7 5. O-O c5 6. c4 cxd4 7. Qxd4 d6 8. Nc3
Be7 9. Rd1 a6 10. b3 Nbd7 11. e4 O-O 12. Ba3 Nc5 13. e5 dxe5 14. Qxd8 Rfxd8 15.
Nxe5 Bxg2 16. Kxg2 Bf8 17. Bxc5 bxc5 18. f4 Rac8 19. Na4 Ne4 20. Nb6 Rb8 21.
Nbd7 Rbc8 22. Nb6 Rb8 23. Nbd7 Rbc8 24. Nb6 1/2-1/2

[Event "Cuba ch 2010"]
[Site "Ciego de Ávila CUB"]
[Date "2010.01.18"]
[Round "7.2"]
[White "Bruzon Batista, Lazaro"]
[Black "Arencibia Rodriguez, Walter"]
[Result "1-0"]
[WhiteElo "2615"]
[BlackElo "2499"]
[PlyCount "79"]
[EventDate "2010.01.12"]
[EventType "swiss"]
[EventRounds "9"]
[EventCountry "CUB"]
[Source "lmi"]
[SourceDate "2010.01.12"]

1. c4 e5 2. Nc3 Nc6 3. Nf3 Nf6 4. g3 Bc5 5. Nxe5 Bxf2+ 6. Kxf2 Nxe5 7. e4 c5 8.
d3 d6 9. h3 O-O 10. Bg2 Ne8 11. Rf1 Nc7 12. Kg1 Bd7 13. Be3 b5 14. b3 Ne6 15.
Kh2 b4 16. Ne2 a5 17. d4 cxd4 18. Nxd4 Nxd4 19. Qxd4 Ra6 20. c5 Bb5 21. Rf5 f6
22. Rd1 Nf7 23. cxd6 Rxd6 24. Rd5 Rxd5 25. exd5 Re8 26. Qc5 Qd7 27. Rd2 Nd6 28.
Qa7 Ne4 29. Qxd7 Bxd7 30. Rc2 Nc3 31. Bb6 a4 32. bxa4 Bxa4 33. Rb2 Bd7 34. Ba5
Nd1 35. Rxb4 Ra8 36. Bb6 Rxa2 37. Bd4 Nf2 38. Rb7 Bf5 39. d6 Nxh3 40. Bb2 1-0

[Event "Cuba ch 2010"]
[Site "Ciego de Ávila CUB"]
[Date "2010.01.18"]
[Round "7.4"]
[White "Ortiz Suarez, Isan Reynaldo"]
[Black "Nogueiras Santiago, Jesus"]
[Result "0-1"]
[WhiteElo "2523"]
[BlackElo "2570"]
[PlyCount "60"]
[EventDate "2010.01.12"]
[EventType "swiss"]
[EventRounds "9"]
[EventCountry "CUB"]
[Source "lmi"]
[SourceDate "2010.01.12"]

1. d4 d5 2. c4 c6 3. Nc3 Nf6 4. e3 g6 5. Nf3 Bg7 6. Bd3 O-O 7. O-O Bg4 8. h3
Bxf3 9. Qxf3 e6 10. Rd1 Nbd7 11. e4 e5 12. Be3 Nh5 13. Be2 dxe4 14. Qxe4 f5 15.
Qc2 f4 16. Bc1 f3 17. Bxf3 Rxf3 18. gxf3 exd4 19. Qe2 Nc5 20. Ne4 Ne6 21. Ng3
Nhf4 22. Qe4 Ng5 23. Bxf4 Nxe4 24. fxe4 Qh4 25. Bd6 Qxh3 26. e5 Qg4 27. Re1 h5
28. Re4 Qg5 29. Kh2 h4 30. Ne2 Qf5 0-1

[Event "Cuba ch 2010"]
[Site "Ciego de Ávila CUB"]
[Date "2010.01.18"]
[Round "7.6"]
[White "Jimenez Fraga, Pedro Alejandro"]
[Black "Quesada Perez, Yasser"]
[Result "1/2-1/2"]
[WhiteElo "2453"]
[BlackElo "2401"]
[PlyCount "20"]
[EventDate "2010.01.12"]
[EventType "swiss"]
[EventRounds "9"]
[EventCountry "CUB"]
[Source "lmi"]
[SourceDate "2010.01.12"]

1. e4 c5 2. Nf3 d6 3. d4 cxd4 4. Nxd4 Nf6 5. Nc3 a6 6. Bc4 e6 7. a3 Be7 8. O-O
Qc7 9. Ba2 Nc6 10. Be3 O-O 1/2-1/2

[Event "Cuba ch 2010"]
[Site "Ciego de Ávila CUB"]
[Date "2010.01.18"]
[Round "7.7"]
[White "Corrales Jimenez, Fidel"]
[Black "Bacallao Alonso, Yusnel"]
[Result "1-0"]
[WhiteElo "2602"]
[BlackElo "2512"]
[PlyCount "57"]
[EventDate "2010.01.12"]
[EventType "swiss"]
[EventRounds "9"]
[EventCountry "CUB"]
[Source "lmi"]
[SourceDate "2010.01.12"]

1. e4 c5 2. Nf3 d6 3. d4 cxd4 4. Nxd4 Nf6 5. Nc3 a6 6. Bg5 e6 7. f4 Nbd7 8. Qf3
Qc7 9. O-O-O b5 10. Bd3 Bb7 11. Rhe1 Qb6 12. Nb3 Rc8 13. Kb1 Rxc3 14. bxc3 Qc7
15. Qe3 Nb6 16. Bxf6 gxf6 17. Be2 Na4 18. Rd3 Be7 19. f5 e5 20. Bh5 Rf8 21. h4
Kd7 22. g4 Kc8 23. g5 d5 24. exd5 Bd6 25. Bf3 e4 26. Bxe4 Re8 27. g6 Kb8 28.
gxh7 Rh8 29. Rg1 1-0

[Event "Cuba ch 2010"]
[Site "Ciego de Ávila CUB"]
[Date "2010.01.18"]
[Round "7.8"]
[White "Gonzalez Vidal, Yuri"]
[Black "Hernandez Carmenates, Holden"]
[Result "0-1"]
[WhiteElo "2523"]
[BlackElo "2567"]
[PlyCount "94"]
[EventDate "2010.01.12"]
[EventType "swiss"]
[EventRounds "9"]
[EventCountry "CUB"]
[Source "lmi"]
[SourceDate "2010.01.12"]

1. e4 c5 2. Nf3 d6 3. d4 cxd4 4. Nxd4 Nf6 5. Nc3 a6 6. Be2 e6 7. Be3 Nbd7 8. g4
Nc5 9. Bf3 Qa5 10. Nb3 Qc7 11. g5 Nfd7 12. Bg2 b5 13. a3 Bb7 14. O-O h6 15.
Nxc5 dxc5 16. Qh5 g6 17. Qh3 O-O-O 18. Rad1 Bg7 19. gxh6 Rh7 20. Rd2 Bxh6 21.
Bxh6 Rdh8 22. Rfd1 Rxh6 23. Qg3 Qxg3 24. hxg3 Ne5 25. b3 g5 26. f3 f5 27. Re1
f4 28. g4 Rd8 29. Red1 Rxd2 30. Rxd2 Kc7 31. Nd1 Rh3 32. Rf2 Rh8 33. Rd2 Rh3
34. Rf2 Rh7 35. Rd2 a5 36. Nf2 Bc6 37. Rd1 a4 38. Kf1 Rh8 39. Ke2 axb3 40. cxb3
Ra8 41. Ra1 b4 42. a4 c4 43. bxc4 Rxa4 44. Rxa4 Bxa4 45. Nd3 Nxd3 46. Kxd3 Kd6
47. Kd4 e5+ 0-1

[Event "Cuba ch 2010 Semifinal"]
[Site "Ciego de Ávila CUB"]
[Date "2010.01.22"]
[Round "10.12"]
[White "Nogueiras Santiago, Jesus"]
[Black "Quezada Perez, Yuniesky"]
[Result "1-0"]
[WhiteElo "2570"]
[BlackElo "2565"]
[PlyCount "91"]
[EventDate "2010.01.12"]
[EventType "match"]
[EventRounds "9"]
[EventCountry "CUB"]
[Source "lmi"]
[SourceDate "2010.01.12"]

1. d4 Nf6 2. Nf3 e6 3. e3 b6 4. Nbd2 Bb7 5. Bd3 c5 6. c3 cxd4 7. exd4 Be7 8.
O-O d6 9. a4 Nbd7 10. Nc4 O-O 11. Bg5 Qc7 12. Re1 Rfe8 13. Nfd2 Bf8 14. Ne3 h6
15. Bh4 g6 16. Bb5 a6 17. Bd3 Bg7 18. Ndc4 Nh5 19. Be2 Nf4 20. Bf3 d5 21. Bg3
g5 22. Nd2 Rac8 23. Nb3 a5 24. h4 Nf6 25. hxg5 hxg5 26. Nd2 Qd8 27. Bxf4 gxf4
28. Nec4 Ne4 29. Bxe4 dxe4 30. Qg4 f3 31. gxf3 exf3 32. Qg3 Kh7 33. Nd6 Bh6 34.
Nxb7 Qd7 35. Ne4 Qxb7 36. Nf6+ Kh8 37. Nxe8 Rxe8 38. Qe5+ Kh7 39. Qe4+ Qxe4 40.
Rxe4 f5 41. Rh4 Kg6 42. Rh3 e5 43. dxe5 Rxe5 44. Rxf3 Re2 45. Rd1 Bf8 46. b3
1-0

[Event "Cuba ch 2010 Semifinal"]
[Site "Ciego de Ávila CUB"]
[Date "2010.01.23"]
[Round "10.21"]
[White "Bruzon Batista, Lazaro"]
[Black "Almeida Quintana, Omar"]
[Result "1-0"]
[WhiteElo "2615"]
[BlackElo "2538"]
[PlyCount "87"]
[EventDate "2010.01.12"]
[EventType "match"]
[EventRounds "9"]
[EventCountry "CUB"]
[Source "lmi"]
[SourceDate "2010.01.12"]

1. e4 g6 2. d4 Bg7 3. Nf3 d6 4. Bc4 e6 5. Bb3 Ne7 6. O-O h6 7. c3 b6 8. Nbd2
Nd7 9. Re1 Bb7 10. Nf1 O-O 11. Ng3 c5 12. h4 cxd4 13. cxd4 Nf6 14. Nh2 Nc6 15.
Be3 h5 16. Bg5 Ne7 17. Qd2 Nh7 18. Bh6 Rc8 19. Rad1 b5 20. Bxg7 Kxg7 21. Nf3 a5
22. Ng5 Kh8 23. Nf3 Qb6 24. Bc2 Kg7 25. Bb1 b4 26. Ng5 Nf6 27. Qf4 e5 28. dxe5
dxe5 29. Qxe5 Nc6 30. Qf4 Ng4 31. Rd6 Qc7 32. Red1 Nce5 33. Nf3 Qe7 34. Nxe5
Nxe5 35. Nf1 Rc7 36. Ne3 Rfc8 37. R6d4 Kg8 38. f3 Rc1 39. Kh2 R1c5 40. Qg3 Ba6
41. f4 Nc4 42. Nd5 Qa7 43. Nf6+ Kg7 44. e5 1-0

[Event "Cuba ch 2010 Semifinal"]
[Site "Ciego de Ávila CUB"]
[Date "2010.01.23"]
[Round "10.22"]
[White "Quezada Perez, Yuniesky"]
[Black "Nogueiras Santiago, Jesus"]
[Result "1/2-1/2"]
[WhiteElo "2565"]
[BlackElo "2570"]
[PlyCount "166"]
[EventDate "2010.01.12"]
[EventType "match"]
[EventRounds "9"]
[EventCountry "CUB"]
[Source "lmi"]
[SourceDate "2010.01.12"]

1. e4 Nf6 2. e5 Nd5 3. d4 d6 4. Nf3 Nb6 5. exd6 cxd6 6. a4 g6 7. a5 Nd5 8. c4
Nf6 9. Nc3 Bg7 10. h3 O-O 11. Be2 d5 12. O-O Nc6 13. a6 dxc4 14. Bxc4 bxa6 15.
Bf4 e6 16. d5 exd5 17. Nxd5 Be6 18. Bc7 Qd7 19. Nxf6+ Bxf6 20. Qxd7 Bxd7 21.
Rfd1 Be6 22. Bxe6 fxe6 23. Rxa6 Nb4 24. Rxe6 Bxb2 25. Rb1 Nd5 26. Rxb2 Nxc7 27.
Rc6 Nd5 28. Ra6 Nf4 29. Ng5 Nd3 30. Re2 Rf5 31. h4 Re5 32. Rea2 Re7 33. R6a5 h6
34. Nf3 Rc8 35. Ra6 Kf7 36. Rxa7 Rxa7 37. Rxa7+ Kf6 38. Ra2 g5 39. Kh2 Rc6 40.
Kg3 Nc5 41. Nd2 Re6 42. Nf1 Ne4+ 43. Kh3 Nc3 44. Rc2 Nd5 45. g3 Kg6 46. Ra2 Nf6
47. Ne3 Ne4 48. Nc4 gxh4 49. gxh4 Rf6 50. Ne5+ Kh7 51. f3 Rf5 52. Ra7+ Kg8 53.
Re7 Nd6 54. Kg2 Rf4 55. Ng6 Ra4 56. Kh3 Nf5 57. Rd7 h5 58. Ne7+ Nxe7 59. Rxe7
Ra5 60. Kg3 Kf8 61. Rh7 Rd5 62. f4 Ra5 63. Kf3 Rb5 64. Ke4 Ra5 65. Rd7 Kg8 66.
Rd5 Ra4+ 67. Kf5 Ra1 68. Kg6 Ra6+ 69. Kxh5 Kh7 70. Kg5 Rg6+ 71. Kf5 Rg1 72. Ke6
Re1+ 73. Kf5 Rg1 74. Ke5 Rh1 75. f5 Rxh4 76. Rd7+ Kh6 77. f6 Ra4 78. Ke6 Kg6
79. Rg7+ Kh6 80. Rb7 Kg6 81. f7 Rf4 82. Ke5 Rxf7 83. Rxf7 Kxf7 1/2-1/2

[Event "Cuba ch 2010 Final"]
[Site "Ciego de Ávila CUB"]
[Date "2010.01.24"]
[Round "11.11"]
[White "Nogueiras Santiago, Jesus"]
[Black "Bruzon Batista, Lazaro"]
[Result "1/2-1/2"]
[WhiteElo "2570"]
[BlackElo "2615"]
[PlyCount "34"]
[EventDate "2010.01.12"]
[EventType "match"]
[EventRounds "9"]
[EventCountry "CUB"]
[Source "lmi"]
[SourceDate "2010.01.12"]

1. c4 e5 2. Nc3 Bb4 3. Nd5 Bc5 4. e3 Nf6 5. d4 Nxd5 6. cxd5 exd4 7. exd4 Bb4+
8. Bd2 Bxd2+ 9. Qxd2 O-O 10. Bc4 d6 11. Ne2 Nd7 12. O-O Nf6 13. Nc3 a6 14. a4
Re8 15. f3 Bd7 16. a5 Rc8 17. Rfd1 h6 1/2-1/2

[Event "Cuba ch 2010 Final"]
[Site "Ciego de Ávila CUB"]
[Date "2010.01.25"]
[Round "11.21"]
[White "Bruzon Batista, Lazaro"]
[Black "Nogueiras Santiago, Jesus"]
[Result "1-0"]
[WhiteElo "2615"]
[BlackElo "2570"]
[PlyCount "81"]
[EventDate "2010.01.12"]
[EventType "match"]
[EventRounds "9"]
[EventCountry "CUB"]
[Source "lmi"]
[SourceDate "2010.01.12"]

1. e4 Nf6 2. e5 Nd5 3. d4 d6 4. Nf3 g6 5. Bc4 c6 6. O-O Bg7 7. h3 O-O 8. exd6
Qxd6 9. Re1 Bf5 10. Bb3 Na6 11. Nbd2 Rad8 12. Nf1 c5 13. Bg5 h6 14. Bh4 g5 15.
Bg3 Qg6 16. c3 cxd4 17. Nxd4 Bc8 18. Qf3 e6 19. Rad1 Nc5 20. Bxd5 Rxd5 21. Ne3
Rd7 22. Nc4 Rfd8 23. Ne5 Bxe5 24. Bxe5 b6 25. Nc6 Re8 26. Bd6 Bb7 27. Bxc5 Rxd1
28. Ne7+ Rxe7 29. Qxd1 Re8 30. Qd7 f6 31. Qxb7 bxc5 32. Qxa7 Qc2 33. Qb6 Kf7
34. a4 Qxa4 35. Qxc5 Qb3 36. Ra1 Qxb2 37. Ra7+ Kg6 38. g4 Qb1+ 39. Kh2 Qb8+ 40.
Kg2 Qf4 41. Qc6 1-0

[Event "Cuba ch 2010"]
[Site "Ciego de Ávila CUB"]
[Date "2010.01.20"]
[Round "8.2"]
[White "Quezada Perez, Yuniesky"]
[Black "Nogueiras Santiago, Jesus"]
[Result "1-0"]
[WhiteElo "2584"]
[BlackElo "2570"]
[PlyCount "63"]
[EventDate "2010.01.12"]
[EventType "swiss"]
[EventRounds "9"]
[EventCountry "CUB"]
[Source "lmi"]
[SourceDate "2010.01.12"]

1. e4 e6 2. d4 d5 3. Nc3 Nf6 4. e5 Nfd7 5. f4 c5 6. Nf3 Nc6 7. Be3 a6 8. Qd2 b5
9. dxc5 Bxc5 10. Ne2 O-O 11. Ned4 Bb7 12. Bd3 Qe7 13. O-O-O f6 14. exf6 Rxf6
15. Rhe1 Nb4 16. Kb1 Nxd3 17. Qxd3 Bd6 18. Ng5 g6 19. Bc1 Nc5 20. Qh3 Re8 21.
Qh4 Ne4 22. Nxe4 dxe4 23. Nc6 Bxc6 24. Rxd6 Qxd6 25. Qxf6 Rf8 26. Qc3 b4 27.
Qe3 a5 28. b3 a4 29. Qb6 a3 30. Rxe4 Rb8 31. Rxe6 Qxe6 32. Qxb8+ 1-0

[Event "Cuba ch 2010"]
[Site "Ciego de Ávila CUB"]
[Date "2010.01.20"]
[Round "8.3"]
[White "Martinez Duany, Lelys Stanley"]
[Black "Vera Gonzalez-Quevedo, Reynaldo"]
[Result "1/2-1/2"]
[WhiteElo "2507"]
[BlackElo "1551"]
[PlyCount "44"]
[EventDate "2010.01.12"]
[EventType "swiss"]
[EventRounds "9"]
[EventCountry "CUB"]
[Source "lmi"]
[SourceDate "2010.01.12"]

1. e4 c5 2. Nf3 d6 3. d4 cxd4 4. Nxd4 Nf6 5. Nc3 a6 6. Be2 e6 7. O-O Be7 8. f4
O-O 9. Be3 Nc6 10. a4 Bd7 11. Kh1 Rc8 12. Qe1 Nb4 13. Rd1 Qe8 14. Qd2 d5 15. e5
Ne4 16. Nxe4 dxe4 17. b3 Nd5 18. c4 Bb4 19. Qc1 Ba3 20. Qd2 Bb4 21. Qc1 Ba3 22.
Qd2 Bb4 1/2-1/2